000 01923cam a2200397 a 4500
001 16986078
003 OSt
005 20230602123435.0
008 111001s2000 sx a b 100 0 eng
010 _a 2011349567
020 _a9789991675213
020 _a9991675213
035 _a(OCoLC)ocm45354781
040 _aNDD
_cNDD
_dOCLCQ
_dNOC
_dHEBIS
_dDEBBG
_dOCLCA
_dDLC
042 _apcc
_alcode
050 0 0 _aZ857.S8
_bS73 2000
082 _a020.967
_bSCE
084 _aAN 87200
_2rvk
100 _d2000
111 2 _aStanding Conference of Eastern, Central and Southern African Librarians
_n(14th :
_d2000 :
_cWindoek, Namibia)
245 1 0 _aInformation 2000 :
_bA Vision for the SCECSAL Region : papers presented at the 14th Standing Conference of Eastern, Central, and Southern African Librarians (SCECSAL 2000) : 10th-15th April, 2000, Safari Court & Conference Centre, Windhoek, Namibia /
_cedited by Justin Chisenga, Agnes Chitambo and Fred Onyango.
260 _aWindhoek :
_bNamibian Information Workers Association,
_cc2000.
300 _avi, 254 p. :
_bill. ;
_c26 cm.
500 _aApril 2000".
504 _aIncludes bibliographical references.
650 0 _aLibraries
_zAfrica, Sub-Saharan
_vCongresses.
650 0 _aLibrary science
_vCongresses
_zAfrica, Sub-Saharan
_xLibrary science
_vCongresses.
700 1 _aChisenga, Justin.
_d2000
700 1 _aChitambo, A. M.
_d2000
700 1 _aOnyango, Fred.
_d2000
710 2 _aNamibian Information Workers Association.
776 0 8 _iOnline version:
_aStanding Conference of Eastern, Central and Southern African Librarians (14th : 2000 : Windoek, Namibia)
_tInformation 2000.
_dWindhoek : Namibian Information Workers Association, 2000
_w(OCoLC)615759577
906 _a7
_bcbc
_cpccadap
_d3
_encip
_f20
_gy-gencatlg
942 _2ddc
_cBK
999 _c136
_d136